000 00254nam a2200097Ia 4500
001 655910
005 20250826154546.0
008 250824s9999 xx 000 0 und d
245 0 _aTALİHSİZ SER 7 KARGA LANETİ SC
_cLEMONY SNICKET
260 _bDOĞAN EGMONT
999 _c655910
_d655910